01375nam a2200253 a 450000100100000000500170001000800410002702000180006804000250008608200190011110000400013024501080017026000380027830000210031650000600033750400730039759000280047095201320049895201170063095201170074795201170086495201230098199900170110400004471420260304092050.0150107s2014 dr 000 0 spa d a9789945141184 aDO-SdBNPbspacBNPHU axxxxxxbxxxxxx1 aOrtiz Bosch, Milagros, 1936-92679710aPRD-PLD :bmétodos de trabajo, días de construcción y años de olvido /cMilagros Ortíz Bosch. aSanto Domingo :bCorripio,c2014. a191 p. ;c23 cm. aIncluye datos biográficos de la autora en las solapas aIncluye referencias bibliográficas y notas al pie de las páginas aInventariado, 2019 / DG 001054708DSaGRbGRcHDd2015-01-07iLF1l0oxxxxxx xxxxxxp44714-30r2020-06-25te. 3w2020-06-25yLFDSZPréstamo en sala 0010718PDaGRbGRcHDd2019-04-03iLF1l0oxxxxxx xxxxxxp44714-40r2020-06-25w2020-06-25yLFPDZNo se presta 0010718PDaGRbGRcHDd2019-04-03iLF1l0oxxxxxx xxxxxxp44714-50r2020-06-25w2020-06-25yLFPDZNo se presta 0010718PDaPDbPDcHDd2015-01-07iLF1l0oxxxxxx xxxxxxp44714-10r2020-06-25w2020-06-25yLFPDZNo se presta 0010718PDaPDbPDcHDd2015-01-07iLF1l0oxxxxxx xxxxxxp44714-20r2020-06-25te. 2w2020-06-25yLFPDZNo se presta c44203d44203